| 000 | 00523cam a2200193 4500 | ||
|---|---|---|---|
| 001 | 2165358 | ||
| 005 | 20180314045333.0 | ||
| 008 | 701120s1957 nyu b 001 0 eng | ||
| 010 | _a 57008881 | ||
| 040 |
_aDLC _cDLC _dDLC |
||
| 041 | _aeng | ||
| 080 | _a016.54 | ||
| 082 | 0 | 0 | _a016.54 CRA |
| 100 | 1 | _a12 | |
| 101 | _aKIM | ||
| 245 | 1 | 2 |
_aA guide to the literature of chemistry _c[by] E. J. Crane, Austin M. Patterson [and] Eleanor B. Marr. |
| 906 |
_a7 _bcbc _corignew _du _encip _f19 _gy-gencatlg |
||
| 942 |
_2ddc _cBK |
||
| 999 |
_c44958 _d44958 |
||